| 000 | 00756cam a22002413a 4500 | ||
|---|---|---|---|
| 001 | 22120 | ||
| 003 | PGUSA | ||
| 005 | 20140828083454.0 | ||
| 008 | 070722s2007||||xxu|||||s|||||000 p eng d | ||
| 040 |
_aPGUSA _beng |
||
| 042 | _adc | ||
| 050 | 4 | _aPR | |
| 100 | 1 |
_aChaucer, Geoffrey, _d1342-1400 |
|
| 245 | 1 | 0 |
_aChaucer's Works, Volume 4 (of 7) — The Canterbury Tales _h[electronic resource] / _cGeoffrey Chaucer |
| 260 |
_bProject Gutenberg, _c2007 |
||
| 506 | _aPublic domain in the USA. | ||
| 516 | _aElectronic text | ||
| 653 | _aChristian pilgrims and pilgrimages -- Poetry | ||
| 700 | 1 |
_aSkeat, Walter W. _q(Walter William), _d1835-1912 |
|
| 830 | 0 |
_aProject Gutenberg _v22120 |
|
| 856 | 4 | 0 | _uhttp://www.gutenberg.org/ebooks/22120 |
| 942 | _cEB | ||
| 999 |
_c251375 _d251375 |
||